Dance Moms Trivia 2015 - Statistics

General Stats
  • This quiz has been taken 1,047 times
  • The average score is 12 of 15
Answer Stats
Question Answer % Correct
Abby Lee's favortie? Maddie
99%
The dancer always wears the biggest bow she can find Jojo
98%
The youngest dancer that went up against Maddie and won Mackenzie
95%
The dancer that left to the Candy Apples but thankfully came back Kendall
94%
The dancer that left ALDC in season 4 Chloe
90%
The mom that worked at a school Holly
90%
The mom of the beautiful sisters Melissa
88%
The names of the artist that has been featuring Maddie in her recent videos Sia
84%
The dancer that had a live performance for her music the day of the ASTRA awards Nia
78%
The oldest dancer from AZ. Kalani
76%
Mackenzie's stage name Mack-Z
76%
The mom from AZ Kira
65%
The mom of the 12 year old who can turn like nobody's buisness Jill
53%
The name of the video that the girls did with Todrick Hall Freaks Like Me
43%
The mom who isn't afraid to speak for her or her daughter Jessalyn
31%
No matching quizzes found
Score Distribution
Percent of People with Each Score
Percentile by Number Answered
Your Score History
You have not taken this quiz